Logo

Description automatically generated
विद्यार्जन
 संसाधन केंद्र, भारतीय प्रौद्योगिकी संस्थान इन्दौर
Learning Resource Center, Indian Institute of Technology Indore

ऑनलाइन सार्वजनिक अभिगम प्रसूची
Online Public Access Catalogue (OPAC)

Jugaad innovation : think frugal, be flexible, generate breakthrough growth (Record no. 57320)

MARC details
000 -LEADER
fixed length control field 00731nam a2200241Ia 4500
005 - DATE AND TIME OF LATEST TRANSACTION
control field 20260629163254.0
008 - FIXED-LENGTH DATA ELEMENTS--GENERAL INFORMATION
fixed length control field 260629s9999||||xx |||||||||||||| ||und||
020 ## - INTERNATIONAL STANDARD BOOK NUMBER
International Standard Book Number 9788184002058
Qualifying information hb
082 ## - DEWEY DECIMAL CLASSIFICATION NUMBER
Classification number 658.4063
Item number RAD
100 ## - MAIN ENTRY--PERSONAL NAME
Personal name Radjou, Navi
245 #0 - TITLE STATEMENT
Title Jugaad innovation : think frugal, be flexible, generate breakthrough growth
250 ## - EDITION STATEMENT
Edition statement 1st ed. 2012 ; 5th imp. 2013
260 ## - PUBLICATION, DISTRIBUTION, ETC.
Place of publication, distribution, etc. Noida
Name of publisher, distributor, etc. Random House India
Date of publication, distribution, etc. 2012
300 ## - PHYSICAL DESCRIPTION
Extent xvii, 317p. ; 22cm.
653 ## - INDEX TERM--UNCONTROLLED
Uncontrolled term Creative ability in business
653 ## - INDEX TERM--UNCONTROLLED
Uncontrolled term Entrepreneurship
653 ## - INDEX TERM--UNCONTROLLED
Uncontrolled term Industrial management
653 ## - INDEX TERM--UNCONTROLLED
Uncontrolled term Success in business
653 ## - INDEX TERM--UNCONTROLLED
Uncontrolled term Technological innovations
700 ## - ADDED ENTRY--PERSONAL NAME
Personal name Ahuja, Simone
700 ## - ADDED ENTRY--PERSONAL NAME
Personal name Prabhu, Jaideep
942 ## - ADDED ENTRY ELEMENTS (KOHA)
Koha item type Book
Holdings
Withdrawn status Lost status Damaged status Not for loan Home library Current library Shelving location Date acquired Source of acquisition Total Checkouts Full call number Barcode Date last seen Price effective from Koha item type
        LRC, IIT Indore LRC, IIT Indore 2nd Floor - General Stack 29/06/2026 Gratis Book Price: INR 499.00   658.4063 RAD G2545 29/06/2026 29/06/2026 Book
Copyright © 2017-2026 Indian Institute of Technology Indore. All Rights Reserved.
Managed & maintained by Learning Resource Center, IIT Indore